[Event "CAN-ch U08 Girls"]
[Site "Windsor"]
[Date "2010.07.06"]
[Round "2"]
[White "Kaneshalingam, Mathanhe"]
[Black "O'Neil, Krista"]
[Result "1-0"]
[WhiteElo "693"]
[BlackElo "415"]
[PlyCount "59"]
[EventDate "2010.07.06"]
[EventType "swiss"]
[EventRounds "7"]
[EventCountry "CAN"]
[SourceTitle "EXT 2012"]
[Source "ChessBase"]
[SourceDate "2011.11.24"]
[SourceVersion "1"]
[SourceVersionDate "2011.11.24"]
[SourceQuality "1"]

1. e4 e5 2. Nf3 Nc6 3. Nc3 Nf6 4. Bc4 d6 5. Ng5 Nxe4 6. Nxf7 Bg4 7. f3 Nd4 8. Nxd8 Kxd8 9. fxg4 Be7 10. Nxe4 Kd7 11. 0-0 Rhg8 12. Bxg8 b5 13. Bb3 Nxc2 14. Qxc2 Rb8 15. d3 Rb6 16. Be3 Rb8 17. Bxa7 Rg8 18. Bxg8 h6 19. Bd5 Kd8 20. Bb8 c5 21. Bc6 c4 22. Bxd6 g6 23. Bxe7+ Kxe7 24. dxc4 g5 25. cxb5 Kd8 26. b6 Kc8 27. b7+ Kd8 28. b8Q+ Ke7 29. Qc5+ Ke6 30. Qbd6# 1-0

[Event "CAN-ch U08 Girls"]
[Site "Windsor"]
[Date "2010.07.06"]
[Round "1"]
[White "Paraparan, Varshini"]
[Black "O'Neil, Krista"]
[Result "1-0"]
[WhiteElo "867"]
[BlackElo "415"]
[PlyCount "29"]
[EventDate "2010.07.06"]
[EventType "swiss"]
[EventRounds "7"]
[EventCountry "CAN"]
[SourceTitle "EXT 2012"]
[Source "ChessBase"]
[SourceDate "2011.11.24"]
[SourceVersion "1"]
[SourceVersionDate "2011.11.24"]
[SourceQuality "1"]

1. e4 e5 2. Nf3 d5 3. Nxe5 Nc6 4. Bb5 Be6 5. Nxc6 Qc8 6. Nxa7+ Ke7 7. Nxc8+ Rxc8 8. 0-0 c5 9. exd5 Bxd5 10. Qe2+ Kf6 11. Ba6 b5 12. Bxc8 Ba8 13. Re1 Bc6 14. Qh5 Bd5 15. Qf5# 1-0